Axes Philo / Repères Philo - Statistiques

Statistiques générales
  • Ce quiz a été pris 18 fois
  • Le résultat moyen est 18 sur 34
Statistiques - réponses
Axes / Repères Axes / Repères % Correct
Repère 6 Contingent / Nécessaire
100%
Repère 3 En acte / En puissance
100%
Repère 1 Absolu / Relatif
83%
Repère 11 En fait / En droit
83%
Repère 19 Légal / Légitime
83%
Repère 20 Médiat / Immédiat
83%
Repère 2 Abstrait / Concret
67%
Repère 13 Genre / Espèce / Individu
67%
Repère 14 Hypothèse / Conséquence / Conclusion
67%
Repère 18 Intuitif / Discursif
67%
Repère 21 Objectif / Subjectif / Intersubjectif
67%
Repère 22 Obligation / Contrainte
67%
Repère 29 Transcendent / Immanent
67%
Repère 30 Universel / Général / Particulier / Singulier
67%
Repère 8 Essentiel / Accidentel
50%
Repère 10 Expliquer / Comprendre
50%
Repère 12 Formel / Matériel
50%
Repère 17 Impossible / Possible
50%
Repère 23 Origine / Fondement
50%
Repère 24 Persuader / Convaincre
50%
Repère 25 Principe / Cause / Fin
50%
Repère 28 Théorie / Pratique
50%
Repère 4 Analyse / Synthèse
33%
Repère 7 Croire / Savoir
33%
Repère 15 Idéal / Réel
33%
Repère 16 Identité / Egalité / Différence
33%
Repère 27 Ressemblance / Analogie
33%
Repère 31 Vrai / Probable / Certain
33%
Repère 5 Concept / Image / Métaphore
17%
Repère 9 Exemple / Preuve
17%
Axe 3 La connaissance
17%
Axe 2 La morale et la politique
17%
Axe 1 L'existence humaine et la culture
17%
Repère 26 Public / Privé
17%
Aucun quiz correspondant
Distribution des résultats
% des personnes avec chaque résultat
Percentile par nombre de réponses
Votre historique - résultats
Vous n’avez pas pris ce quiz